[Event "Berlin-ch QT"]
[Site "Berlin"]
[Date "2017.04.12"]
[Round "4"]
[White "Bader, Arnd"]
[Black "Huels, Marco"]
[Result "1/2-1/2"]
[WhiteElo "1897"]
[BlackElo "1977"]
[PlyCount "24"]
[EventDate "2017.04.09"]
[EventType "swiss"]
[EventRounds "9"]
[EventCountry "GER"]
[SourceTitle "CBM 189 Extra"]
[Source "ChessBase"]
[SourceDate "2019.06.03"]
[SourceVersion "1"]
[SourceVersionDate "2019.06.03"]
[SourceQuality "1"]

1. d4 d5 2. c4 Nc6 3. Nc3 Nf6 4. Bf4 Bf5 5. e3 e6 6. Qb3 Nb4 7. Rc1 Bd3 8. Nxd5 Nfxd5 9. cxd5 Bxf1 10. Kxf1 Qxd5 11. Rxc7 Qxb3 12. axb3 Nd5 1/2-1/2

[Event "Berlin Eckbauer op 19th"]
[Site "Berlin"]
[Date "2016.11.07"]
[Round "4"]
[White "Bader, Arnd"]
[Black "Stark, Wolfgang"]
[Result "0-1"]
[WhiteElo "1897"]
[BlackElo "2018"]
[PlyCount "36"]
[EventDate "2016.10.10"]
[EventType "swiss"]
[EventRounds "7"]
[EventCountry "GER"]
[SourceTitle "EXT 2022"]
[Source "ChessBase"]
[SourceDate "2021.10.06"]
[SourceVersion "1"]
[SourceVersionDate "2021.10.06"]
[SourceQuality "1"]

1. d4 Nf6 2. c4 c5 3. d5 b5 4. cxb5 a6 5. Nc3 axb5 6. e4 b4 7. Nb5 d6 8. Bc4 Nbd7 9. Bf4 Nb6 10. Rc1 Nxc4 11. Rxc4 Qa5 12. Rxc5 dxc5 13. Nc7+ Kd8 14. Nf3 Ra7 15. d6 exd6 16. Bxd6 b3+ 17. Kf1 Rxc7 18. Ne5 Qa6+ 0-1

[Event "Berlin-ch QT"]
[Site "Berlin"]
[Date "2016.03.29"]
[Round "4"]
[White "Bader, Arnd"]
[Black "Steiger, Michael"]
[Result "1/2-1/2"]
[WhiteElo "1928"]
[BlackElo "1929"]
[PlyCount "46"]
[EventDate "2016.03.26"]
[EventType "swiss"]
[EventRounds "9"]
[EventCountry "GER"]
[SourceTitle "EXT 2022"]
[Source "ChessBase"]
[SourceDate "2021.10.06"]
[SourceVersion "1"]
[SourceVersionDate "2021.10.06"]
[SourceQuality "1"]

1. d4 Nf6 2. c4 g6 3. Nc3 Bg7 4. e4 d6 5. Nf3 0-0 6. Be2 Bg4 7. 0-0 Nfd7 8. Qb3 Bxf3 9. Bxf3 Nc6 10. d5 Nd4 11. Qd1 c5 12. Be2 a6 13. f4 Rb8 14. Bd3 b5 15. a4 bxc4 16. Bxc4 Qb6 17. a5 Qb7 18. Kh1 Ra8 19. Re1 Rfb8 20. Re3 Qc8 21. Ra4 Nf6 22. h3 Nh5 23. Rd3 Rb4 1/2-1/2

[Event "Berlin-ch QT"]
[Site "Berlin"]
[Date "2015.04.06"]
[Round "4"]
[White "Bader, Arnd"]
[Black "Seefeld, Marc"]
[Result "0-1"]
[WhiteElo "1951"]
[BlackElo "1882"]
[PlyCount "54"]
[EventDate "2015.04.03"]
[EventType "swiss"]
[EventRounds "9"]
[EventCountry "GER"]
[SourceTitle "EXT 2022"]
[Source "ChessBase"]
[SourceDate "2021.10.06"]
[SourceVersion "1"]
[SourceVersionDate "2021.10.06"]
[SourceQuality "1"]

1. d4 Nf6 2. c4 e6 3. Nc3 d5 4. Nf3 Be7 5. e3 0-0 6. Qc2 b6 7. cxd5 exd5 8. Ne5 Bb7 9. Bd3 c5 10. 0-0 Nc6 11. Nxc6 Bxc6 12. dxc5 Bxc5 13. Na4 Bxa4 14. Qxa4 Qe7 15. Qh4 Ne4 16. Qxe7 Bxe7 17. Rd1 Rfd8 18. Bd2 Bf6 19. Rab1 Rac8 20. Be1 g6 21. f3 Nc5 22. Bb5 d4 23. b4 Ne6 24. e4 Rc2 25. a4 Nf4 26. Rd2 d3 27. Bxd3 Rxd2 0-1

[Event "Berlin Eckbauer op 11th"]
[Site "Berlin"]
[Date "2008.09.15"]
[Round "2.20"]
[White "Bader, Arnd"]
[Black "Musielak, Manfred"]
[Result "1-0"]
[WhiteElo "1947"]
[BlackElo "1482"]
[PlyCount "46"]
[EventDate "2008.09.08"]
[EventType "swiss"]
[EventRounds "6"]
[EventCountry "GER"]
[SourceTitle "EXT 2022"]
[Source "ChessBase"]
[SourceDate "2021.10.06"]
[SourceVersion "1"]
[SourceVersionDate "2021.10.06"]
[SourceQuality "1"]

1. d4 d5 2. c4 c6 3. Nc3 Nf6 4. e3 e6 5. Nf3 Nbd7 6. Qc2 Be7 7. g4 h6 8. Bd2 Nf8 9. 0-0-0 Nxg4 10. Rg1 Nxf2 11. Re1 Ng6 12. Re2 Bh4 13. Rxg6 fxg6 14. Qxg6+ Kf8 15. Ne5 Qf6 16. Qxf6+ gxf6 17. Ng6+ Kg7 18. Nxh4 Nd3+ 19. Kb1 dxc4 20. Rg2+ Kf7 21. Ne4 Rh7 22. Nd6+ Ke7 23. Nxc4 b5 1-0

[Event "Lueneburg distr-ch Meisterturnier"]
[Site "Buchholz in der Nordheide"]
[Date "2007.11.02"]
[Round "9"]
[White "Heitmann, Timo"]
[Black "Bader, Arnd"]
[Result "0-1"]
[WhiteElo "2010"]
[BlackElo "1919"]
[PlyCount "96"]
[EventDate "2007.10.27"]
[EventType "tourn"]
[EventRounds "9"]
[EventCountry "GER"]
[SourceTitle "EXT 2015"]
[Source "ChessBase"]
[SourceDate "2014.11.20"]
[SourceVersion "1"]
[SourceVersionDate "2014.11.20"]
[SourceQuality "1"]

1. e4 e6 2. d4 d5 3. Nd2 Nf6 4. e5 Nfd7 5. Bd3 c5 6. c3 Nc6 7. Ne2 cxd4 8. cxd4 f6 9. exf6 Nxf6 10. Nf3 Bd6 11. Bf4 Qa5+ 12. Qd2 Qxd2+ 13. Kxd2 Bxf4+ 14. Nxf4 0-0 15. Ne2 Ne4+ 16. Ke3 Nd6 17. Rac1 Nb4 18. a3 Nxd3 19. Kxd3 Bd7 20. Nc3 Nc4 21. b3 Nxa3 22. Ne5 Be8 23. f3 Nb5 24. Ke3 Nd6 25. g4 a5 26. Ne2 a4 27. Ra1 Bb5 28. Nf4 axb3 29. Nxe6 Rfc8 30. Rxa8 Rxa8 31. Nc7 Ra3 32. Rb1 Bc4 33. Nxc4 Nxc4+ 34. Kd3 b2+ 35. Kc2 Rxf3 36. Nb5 Rf2+ 37. Kc3 Rxh2 38. Nc7 Rh3+ 39. Kb4 Rd3 40. Nb5 Rd2 41. Kc3 Rg2 42. Nc7 Rg3+ 43. Kb4 Rxg4 44. Nxd5 Rxd4 45. Kc5 Rg4 46. Rf1 h5 47. Rh1 Nd2 48. Ne7+ Kf7 0-1

[Event "Lueneburg distr-ch Meisterturnier"]
[Site "Buchholz in der Nordheide"]
[Date "2007.11.01"]
[Round "8"]
[White "Bader, Arnd"]
[Black "Wickert, Detlef"]
[Result "1/2-1/2"]
[WhiteElo "1919"]
[BlackElo "2000"]
[PlyCount "43"]
[EventDate "2007.10.27"]
[EventType "tourn"]
[EventRounds "9"]
[EventCountry "GER"]
[SourceTitle "EXT 2015"]
[Source "ChessBase"]
[SourceDate "2014.11.20"]
[SourceVersion "1"]
[SourceVersionDate "2014.11.20"]
[SourceQuality "1"]

1. d4 d5 2. c4 e6 3. Nc3 Nf6 4. Bg5 Be7 5. e3 0-0 6. Qc2 Nbd7 7. Nf3 h6 8. cxd5 hxg5 9. dxe6 fxe6 10. Nxg5 Nb6 11. h4 Nbd5 12. h5 Nxc3 13. h6 Qd5 14. hxg7 Qxg5 15. gxf8Q+ Bxf8 16. bxc3 Bd7 17. Bc4 b5 18. Rh3 Kf7 19. Rg3 Qh6 20. Bd3 Qh1+ 21. Bf1 Qh6 22. Bd3 1/2-1/2

[Event "Lueneburg distr-ch Meisterturnier"]
[Site "Buchholz in der Nordheide"]
[Date "2007.10.29"]
[Round "3"]
[White "Jordan, Juergen"]
[Black "Bader, Arnd"]
[Result "1/2-1/2"]
[WhiteElo "2141"]
[BlackElo "1919"]
[PlyCount "82"]
[EventDate "2007.10.27"]
[EventType "tourn"]
[EventRounds "9"]
[EventCountry "GER"]
[SourceTitle "EXT 2015"]
[Source "ChessBase"]
[SourceDate "2014.11.20"]
[SourceVersion "1"]
[SourceVersionDate "2014.11.20"]
[SourceQuality "1"]

1. d4 e6 2. Nf3 Nf6 3. e3 d5 4. Bd3 Bd6 5. 0-0 Nc6 6. c4 e5 7. cxd5 Nxd5 8. dxe5 Nxe5 9. Bb5+ Nc6 10. e4 Nb6 11. e5 Be7 12. Qc2 Bd7 13. Rd1 Nb4 14. Bxd7+ Qxd7 15. Qe2 Qg4 16. Rd4 Qg6 17. Na3 c6 18. h3 Bc5 19. Re4 0-0-0 20. Bf4 Nd3 21. Rf1 Nxb2 22. Nh4 Qxe4 23. Qxe4 Bxa3 24. Nf5 N2c4 25. Nd4 Rd5 26. Nc2 Bc5 27. Qf5+ Kb8 28. e6+ Ka8 29. Qxf7 Rdd8 30. e7 Rde8 31. Re1 Nd5 32. Bg5 Nd6 33. Qf3 Nc8 34. Ne3 Ndxe7 35. Rb1 Rhf8 36. Qd1 Rd8 37. Qc2 Bb6 38. Qxh7 Rd2 39. Bxe7 Nxe7 40. Qxg7 Rfxf2 41. Qxe7 Rxg2+ 1/2-1/2

[Event "Lueneburg distr-ch Meisterturnier"]
[Site "Buchholz in der Nordheide"]
[Date "2007.10.28"]
[Round "2"]
[White "Bader, Arnd"]
[Black "Guennigmann, Manuel"]
[Result "1-0"]
[WhiteElo "1919"]
[BlackElo "1945"]
[PlyCount "75"]
[EventDate "2007.10.27"]
[EventType "tourn"]
[EventRounds "9"]
[EventCountry "GER"]
[SourceTitle "EXT 2015"]
[Source "ChessBase"]
[SourceDate "2014.11.20"]
[SourceVersion "1"]
[SourceVersionDate "2014.11.20"]
[SourceQuality "1"]

1. d4 Nf6 2. c4 g6 3. Nc3 d5 4. cxd5 Nxd5 5. e4 Nxc3 6. bxc3 Bg7 7. Bc4 c5 8. Ne2 0-0 9. 0-0 Nc6 10. Be3 Qc7 11. Rc1 Rd8 12. Qe1 Qa5 13. dxc5 Ne5 14. Bb3 Nd3 15. Qd2 Nxc1 16. Qxc1 Bg4 17. f3 Bd7 18. Bd4 e5 19. Bf2 Bf8 20. Qg5 Bxc5 21. Nd4 exd4 22. cxd4 Bb4 23. Qf6 Rf8 24. e5 Qd8 25. Qf4 Be7 26. d5 Rc8 27. h4 Bc5 28. h5 Bxf2+ 29. Kxf2 Qb6+ 30. Kg3 gxh5 31. d6 h4+ 32. Kh2 Qd8 33. Qh6 Kh8 34. f4 Bf5 35. Re1 Rc3 36. e6 Qxd6 37. Qf6+ Kg8 38. exf7+ 1-0

[Event "Werther Schloss op-B 13rd"]
[Site "Werther"]
[Date "2007.03.31"]
[Round "2"]
[White "Bader, Arnd"]
[Black "Fox, Jonas"]
[Result "1-0"]
[WhiteElo "1889"]
[BlackElo "1995"]
[PlyCount "79"]
[EventDate "2007.03.30"]
[EventType "swiss"]
[EventRounds "5"]
[EventCountry "GER"]
[SourceTitle "EXT 2008"]
[Source "ChessBase"]
[SourceDate "2007.11.25"]
[SourceVersion "1"]
[SourceVersionDate "2007.11.25"]
[SourceQuality "1"]

1. d4 Nf6 2. c4 g6 3. Nc3 Bg7 4. e4 d6 5. f3 0-0 6. Be3 e5 7. Nge2 Nc6 8. Qd2 Nd7 9. d5 Ne7 10. g4 f5 11. gxf5 gxf5 12. Bh6 Ng6 13. Bxg7 Kxg7 14. Ng3 Nh4 15. Be2 f4 16. 0-0-0 Nf6 17. Nf1 Bd7 18. Qe1 Nh5 19. Nd2 Kh8 20. Qf2 Qe7 21. Rhg1 a6 22. Kb1 Rg8 23. Rxg8+ Rxg8 24. Rg1 Rxg1+ 25. Qxg1 Qg7 26. Qa7 Ng2 27. Qb8+ Qg8 28. Qxc7 Ne3 29. a3 Ng3 30. Bd3 Bh3 31. Qxd6 Ngf1 32. Nxf1 Bxf1 33. Bxf1 Qg1 34. Qf8+ Qg8 35. Qxg8+ Kxg8 36. Be2 Kf7 37. Kc1 Kf6 38. Kd2 Kg5 39. Nd1 Ng2 40. Nf2 1-0

[Event "Berlin op 08"]
[Site "Berlin"]
[Date "2006.08.25"]
[Round "7"]
[White "Bader, Arnd"]
[Black "Stiewe, Frank"]
[Result "1-0"]
[WhiteElo "1777"]
[BlackElo "1319"]
[PlyCount "63"]
[EventDate "2006.08.19"]
[EventType "swiss"]
[EventRounds "9"]
[EventCountry "GER"]
[SourceTitle "EXT 2007"]
[Source "ChessBase"]
[SourceDate "2006.11.23"]
[SourceVersion "1"]
[SourceVersionDate "2006.11.23"]
[SourceQuality "1"]

1. d4 d5 2. c4 e6 3. Nc3 f5 4. e4 dxe4 5. f3 Bb4 6. fxe4 Bxc3+ 7. bxc3 Qh4+ 8. Kd2 Qxe4 9. Nf3 Bd7 10. Bd3 Qf4+ 11. Ke2 Qg4 12. Kf2 h6 13. Be2 Nf6 14. Ne5 Ne4+ 15. Kg1 Nxc3 16. Bxg4 Nxd1 17. Bxd1 0-0 18. Ba3 Rc8 19. Rb1 b6 20. Bf3 c6 21. d5 exd5 22. cxd5 Be8 23. Kf2 Kh7 24. Rbc1 c5 25. Rhd1 Ba4 26. d6 Bc6 27. Nxc6 Nxc6 28. d7 Nd4 29. Rxd4 Rab8 30. dxc8Q Rxc8 31. Rd7 a5 32. Bb2 1-0

[Event "Berlin op 09"]
[Site "Berlin"]
[Date "2005.10.24"]
[Round "7"]
[White "Klugow, Eckehard"]
[Black "Bader, Arnd"]
[Result "1-0"]
[WhiteElo "1649"]
[BlackElo "1891"]
[PlyCount "33"]
[EventDate "2005.09.05"]
[EventType "swiss"]
[EventRounds "7"]
[EventCountry "GER"]
[SourceTitle "EXT 2007"]
[Source "ChessBase"]
[SourceDate "2006.11.23"]
[SourceVersion "1"]
[SourceVersionDate "2006.11.23"]
[SourceQuality "1"]

1. d4 d5 2. Nf3 Nf6 3. Bf4 e6 4. c4 Be7 5. h3 Nbd7 6. c5 e5 7. e3 b6 8. b4 a5 9. b5 Bb7 10. Qa4 Qc8 11. cxb6 Nxb6 12. Qb3 Bb4+ 13. Nbd2 c5 14. dxc5 Qxc5 15. Bd3 Ne4 16. a3 a4 17. Qxb4 1-0

[Event "Berlin op 09"]
[Site "Berlin"]
[Date "2005.10.10"]
[Round "5"]
[White "Derz, Claus"]
[Black "Bader, Arnd"]
[Result "0-1"]
[WhiteElo "1673"]
[BlackElo "1891"]
[PlyCount "52"]
[EventDate "2005.09.05"]
[EventType "swiss"]
[EventRounds "7"]
[EventCountry "GER"]
[SourceTitle "EXT 2007"]
[Source "ChessBase"]
[SourceDate "2006.11.23"]
[SourceVersion "1"]
[SourceVersionDate "2006.11.23"]
[SourceQuality "1"]

1. d4 d5 2. c4 e6 3. Nc3 Nf6 4. Nf3 Be7 5. Bf4 0-0 6. e3 Nbd7 7. Bd3 c5 8. h3 dxc4 9. Bxc4 cxd4 10. exd4 Nb6 11. Bb3 Nbd5 12. Bg3 Nxc3 13. bxc3 Ne4 14. Qd3 Nxg3 15. fxg3 Bf6 16. Bc2 g6 17. 0-0 Qe7 18. Nd2 Bg7 19. g4 Bd7 20. Rae1 Rad8 21. Ne4 Bc6 22. Qg3 Bxe4 23. Bxe4 Qa3 24. Rf3 Qa5 25. Rd1 Qxa2 26. Bxb7 Qb3 0-1

[Event "Solingen op-B"]
[Site "Solingen"]
[Date "2005.05.26"]
[Round "2"]
[White "Bader, Arnd"]
[Black "Johnen, Franz"]
[Result "1-0"]
[WhiteElo "1900"]
[BlackElo "1631"]
[PlyCount "75"]
[EventDate "2005.05.26"]
[EventType "swiss"]
[EventRounds "7"]
[EventCountry "GER"]
[SourceTitle "EXT 2006"]
[Source "ChessBase"]
[SourceDate "2005.11.24"]
[SourceVersion "1"]
[SourceVersionDate "2005.11.24"]
[SourceQuality "1"]

1. d4 d5 2. c4 c6 3. Nc3 Nf6 4. Nf3 e6 5. e3 Nbd7 6. Qc2 Be7 7. g4 g6 8. Bd3 dxc4 9. Bxc4 Nb6 10. Bd3 Nbd5 11. Nxd5 Qxd5 12. e4 Qa5+ 13. Bd2 Bb4 14. h3 Bxd2+ 15. Nxd2 0-0 16. 0-0-0 Rd8 17. e5 Nd5 18. a3 Nf4 19. Nc4 Nxd3+ 20. Qxd3 Qd5 21. Nd6 b6 22. Ne4 Qa2 23. Qe3 Kg7 24. h4 c5 25. h5 Qc4+ 26. Kb1 Rxd4 27. Rxd4 Qxd4 28. Qf4 Bb7 29. Qf6+ Kg8 30. Nd6 Bxh1 31. Qxf7+ Kh8 32. Qf6+ Kg8 33. Qxe6+ Kh8 34. Nf7+ Kg7 35. Qf6+ Kf8 36. Ng5+ Ke8 37. Qf7+ Kd8 38. Ne6+ 1-0

[Event "Berlin Neukoelln op 10th"]
[Site "Berlin"]
[Date "2004.04.30"]
[Round "2"]
[White "Nuristani, Akbar"]
[Black "Bader, Arnd"]
[Result "1/2-1/2"]
[WhiteElo "1799"]
[BlackElo "1772"]
[PlyCount "106"]
[EventDate "2004.04.25"]
[EventType "swiss"]
[EventRounds "7"]
[EventCountry "GER"]
[SourceTitle "EXT 2022"]
[Source "ChessBase"]
[SourceDate "2021.10.06"]
[SourceVersion "1"]
[SourceVersionDate "2021.10.06"]
[SourceQuality "1"]

1. c4 e6 2. d4 d5 3. g3 Nf6 4. Bg2 Be7 5. Nc3 0-0 6. b3 dxc4 7. bxc4 c5 8. e3 cxd4 9. exd4 Qc7 10. Qb3 Nc6 11. Bf4 Qa5 12. Nge2 Qb4 13. 0-0 Qxb3 14. axb3 Nh5 15. Be3 a6 16. Na4 Bd8 17. Nc5 Rb8 18. g4 Nf6 19. Bf4 Ra8 20. h3 Bb6 21. Be3 Bxc5 22. dxc5 Bd7 23. Rfd1 Rfd8 24. g5 Nh5 25. Rd2 Be8 26. Rd6 g6 27. Rad1 Ng7 28. Ng3 Nf5 29. Nxf5 gxf5 30. b4 Rxd6 31. cxd6 Bd7 32. b5 Na5 33. Bf1 Rc8 34. bxa6 bxa6 35. c5 Rc6 36. Rb1 e5 37. f4 exf4 38. Bd4 Be6 39. Rb4 h6 40. Bg2 Rc8 41. gxh6 Kh7 42. Bf1 Nc6 43. Ra4 Bb3 44. Rxa6 Nxd4 45. d7 Rd8 46. Rd6 Ne6 47. c6 Nc7 48. Bg2 Be6 49. Rd4 Kxh6 50. Rb4 Bxd7 51. Rb7 Bxc6 52. Bxc6 Ne6 53. Rxf7 Rf8 1/2-1/2

[Event "Berlin SF Neukoelln op 3rd"]
[Site "Berlin"]
[Date "2004.02.25"]
[Round "3"]
[White "Prix, Siegfried"]
[Black "Bader, Arnd"]
[Result "0-1"]
[WhiteElo "1559"]
[BlackElo "1772"]
[PlyCount "102"]
[EventDate "2004.02.07"]
[EventType "swiss"]
[EventRounds "7"]
[EventCountry "GER"]
[SourceTitle "EXT 2022"]
[Source "ChessBase"]
[SourceDate "2021.10.06"]
[SourceVersion "1"]
[SourceVersionDate "2021.10.06"]
[SourceQuality "1"]

1. e4 e6 2. d4 d5 3. Nc3 Bb4 4. e5 c5 5. a3 Bxc3+ 6. bxc3 Ne7 7. Qg4 Qc7 8. Nf3 cxd4 9. Qxd4 Nbc6 10. Bb5 Bd7 11. Bxc6 Bxc6 12. a4 Nf5 13. Qd3 d4 14. c4 Bxf3 15. Qxf3 Qxe5+ 16. Qe2 Qxe2+ 17. Kxe2 Rc8 18. Kd3 0-0 19. Rb1 b6 20. Bd2 Nd6 21. Bb4 Rfd8 22. Bxd6 Rxd6 23. a5 e5 24. axb6 axb6 25. Rb5 e4+ 26. Kxe4 Rxc4 27. Kd3 Rc3+ 28. Kd2 Kf8 29. Rhb1 Rdc6 30. R1b2 Rf6 31. f3 Rg6 32. Rxb6 Rxg2+ 33. Kd1 Rxf3 34. Ke1 Re3+ 35. Kf1 Rxh2 36. Rd6 Ra3 37. Kg1 Rd2 38. Rb1 Ke7 39. Rc6 Kd7 40. Rc4 Rc3 41. Rcb4 Rcxc2 42. Rb7+ Rc7 43. R7b6 Rdc2 44. R1b5 R2c5 45. Rb4 Rd5 46. Kf2 d3 47. Rf4 f5 48. Rh4 h6 49. Rg6 Ke8 50. Rb4 d2 51. Rb8+ Kf7 0-1

[Event "Berlin Neukoelln op 7th"]
[Site "Berlin"]
[Date "2001.06.22"]
[Round "7"]
[White "Waldenburg, Klaus"]
[Black "Bader, Arnd"]
[Result "0-1"]
[WhiteElo "1336"]
[BlackElo "1708"]
[PlyCount "66"]
[EventDate "2001.05.11"]
[EventType "swiss"]
[EventRounds "7"]
[EventCountry "GER"]
[SourceTitle "EXT 2022"]
[Source "ChessBase"]
[SourceDate "2021.10.06"]
[SourceVersion "1"]
[SourceVersionDate "2021.10.06"]
[SourceQuality "1"]

1. d4 d5 2. Nf3 Nf6 3. e3 a6 4. Bd3 g6 5. Nbd2 Bg7 6. 0-0 0-0 7. Re1 c5 8. c3 Qc7 9. e4 dxe4 10. Nxe4 Nxe4 11. Bxe4 Rd8 12. d5 b5 13. Qe2 Bb7 14. c4 b4 15. Bg5 Re8 16. Qc2 e5 17. Rad1 Qd6 18. Nd2 f5 19. Bd3 Nd7 20. Nb3 a5 21. f3 Ra6 22. a3 a4 23. Nc1 Qf8 24. Be3 e4 25. Be2 b3 26. Qb1 Qf6 27. Rd2 f4 28. fxe4 fxe3 29. Rf1 exd2 30. Rxf6 dxc1Q+ 31. Qxc1 Nxf6 32. Bf3 Nxe4 33. Qe3 Bd4 0-1